| 000 | 00556nam a22002057a 4500 | ||
|---|---|---|---|
| 005 | 20140429051500.0 | ||
| 008 | 091221s2010 nyu b 001 0 eng | ||
| 020 | _a9780071739948 | ||
| 024 | 0 | _ceng | |
| 080 | _a658 | ||
| 100 | 1 | _aDempsey, David J., | |
| 245 | 1 | 0 |
_aPresent your way to the top / _cDavid J. Dempsey. |
| 250 | _a1 st.ed.; | ||
| 260 |
_aNew York : _bMcGraw-Hill, _c2010. |
||
| 300 |
_a340 f. ; _c24 cm. |
||
| 504 | _aIncludes bibliographical references and index. | ||
| 650 | 0 | _aBiznesi | |
| 650 | 0 | _aTë folurit skenik | |
| 942 |
_2udc _cBK |
||
| 999 |
_c438 _d438 |
||